Logo CIB grande

OPEN PIT MINE PLANNING & DESIGN: FUNDAMENTALS (VOLUME I) (Registro nro. 237112)

Detalles MARC
000 -LEADER
campo de control de longitud fija 00667nam a2200253Ia 4500
005 - FECHA Y HORA DE LA ÚLTIMA TRANSACCIÓN
campo de control 20250425162823.0
008 - DATOS DE LONGITUD FIJA--INFORMACIÓN GENERAL
campo de control de longitud fija 250425s9999 xx 000 0 und d
020 ## - NÚMERO INTERNACIONAL ESTÁNDAR DEL LIBRO
Número Internacional Estándar del Libro 9781466575127
041 ## - CÓDIGO DE IDIOMA
Código de lengua del texto/banda sonora o título independiente eng
044 ## - CÓDIGO DEL PAÍS DE LA ENTIDAD EDITORA/PRODUCTORA
Código MARC del país -us
082 ## - NÚMERO DE LA CLASIFICACIÓN DECIMAL DEWEY
Número de clasificación 622.292
Iniciales del Autor HUS
010 ## - NÚMERO DE CONTROL DE LA BIBLIOTECA DEL CONGRESO
Número de control de LC 110351
100 ## - ENTRADA PRINCIPAL--NOMBRE DE PERSONA
Nombre de persona HUSTRULID, WILLIAM
245 #0 - MENCIÓN DEL TÍTULO
Título OPEN PIT MINE PLANNING & DESIGN: FUNDAMENTALS (VOLUME I)
250 ## - MENCION DE EDICION
Mención de edición 3RD ED.
264 ## - PRODUCCIÓN, PUBLICACIÓN, DISTRIBUCIÓN, FABRICACIÓN Y COPYRIGHT
Producción, publicación, distribución, fabricación y copyright Estados Unidos, NEW YORK
Nombre del de productor, editor, distribuidor, fabricante TAYLOR & FRANCIS
Fecha de producción, publicación, distribución, fabricación o copyright 2013.
300 ## - DESCRIPCIÓN FÍSICA
Extensión 1004
362 ## - FECHAS DE PUBLICACIÓN Y/O DESIGNACIÓN SECUENCIAL
Fecha de publicación y/o designación secuencial 1
650 ## - PUNTO DE ACCESO ADICIONAL DE MATERIA--TÉRMINO DE MATERIA
Término de materia o nombre geográfico como elemento de entrada DISEÑO DE MINAS A CIELO ABIERTO
650 ## - PUNTO DE ACCESO ADICIONAL DE MATERIA--TÉRMINO DE MATERIA
Término de materia o nombre geográfico como elemento de entrada MINERIA A CIELO ABIERTO
700 ## - ENTRADA AGREGADA--NOMBRE PERSONAL
Nombre de persona KUCHTA, MARK
700 ## - ENTRADA AGREGADA--NOMBRE PERSONAL
Nombre de persona MARTIN, RANDALL
942 ## - ELEMENTOS DE ENTRADA SECUNDARIOS (KOHA)
Tipo de ítem Koha Libros
Existencias
Estatus retirado Estado de pérdida Fuente de la clasificación o esquema de estantería Estado de daño No para préstamo Biblioteca de origen Biblioteca actual Fecha de adquisición Coste, precio normal de compra Etiqueta RFID Total de préstamos Signatura topográfica completa Código de barras Copia número Tipo de ítem Koha Nota pública
    Clasificación Decimal Dewey     CENTRO DE INFORMACIÓN BIBLIOTECARIA CENTRO DE INFORMACIÓN BIBLIOTECARIA 30/09/2019 270.00 0000000000000000034719   622.292 HUS 71013 1 Libros CIB
    Clasificación Decimal Dewey     CENTRO DE INFORMACIÓN BIBLIOTECARIA CENTRO DE INFORMACIÓN BIBLIOTECARIA 30/09/2019 270.00 0000000000000000034720   622.292 HUS 71014 2 Libros CIB
    Clasificación Decimal Dewey     CENTRO DE INFORMACIÓN BIBLIOTECARIA CENTRO DE INFORMACIÓN BIBLIOTECARIA 09/11/2019 270.00 0000000000000000034635   622.292 HUS 71424 3 Libros  
    Clasificación Decimal Dewey     CENTRO DE INFORMACIÓN BIBLIOTECARIA CENTRO DE INFORMACIÓN BIBLIOTECARIA 09/11/2019 177.00 0000000000000000034634   622.292 HUS 71425 4 Libros  

Copyright 2025 ESPOL. Todos los derechos reservados.